00353nam a2200133Ia 450000500170000000800410001702000150005808200130007310000190008624500240010526000410012930000130017050000360018320250425062228.0240331s9999 xx 000 0 und d a9555530912 bAMAa305 aAmarasekara, A 0aDayabara diyaniyata aWarakapolabAariya Pragasakiyoc1996 a156 p ., aA Story about loveable daughter